The architectural antiquities of northern Gujaraj : (Record no. 135143)
[ view plain ]
| 000 -LEADER | |
|---|---|
| fixed length control field | 00729nam a22002177a 4500 |
| 005 - DATE AND TIME OF LATEST TRANSACTION | |
| control field | 20170124110240.0 |
| 010 ## - LIBRARY OF CONGRESS CONTROL NUMBER | |
| LC control number | 746260 |
| 020 ## - INTERNATIONAL STANDARD BOOK NUMBER | |
| Terms of availability | 00.00 |
| 035 ## - SYSTEM CONTROL NUMBER | |
| System control number | 746260 |
| 037 ## - SOURCE OF ACQUISITION | |
| Source of stock number/acquisition | Cen Lib/Ret |
| 040 ## - CATALOGING SOURCE | |
| Original cataloging agency | DPL |
| Language of cataloging | EN |
| 082 ## - DEWEY DECIMAL CLASSIFICATION NUMBER | |
| Classification number | 720.95443 |
| Item number | BUR |
| 100 ## - MAIN ENTRY--PERSONAL NAME | |
| Personal name | Burgness, Jas |
| 9 (RLIN) | 94645 |
| 245 ## - TITLE STATEMENT | |
| Title | The architectural antiquities of northern Gujaraj : |
| Statement of responsibility, etc | by Jas burgess [and] Henry Cousens |
| Remainder of title | more especiallt of the districts included in the Baroda state / |
| 260 ## - PUBLICATION, DISTRIBUTION, ETC. (IMPRINT) | |
| Place of publication, distribution, etc | Varanasi |
| Name of publisher, distributor, etc | Bhartiya Publishing House |
| Date of publication, distribution, etc | 1975 |
| 270 ## - ADDRESS | |
| City | Varanasi |
| Address | B9/45, pilkhana |
| 300 ## - PHYSICAL DESCRIPTION | |
| Extent | 118p.: |
| Dimensions | 27cm(Hb) |
| Other physical details | ill. |
| 650 ## - SUBJECT ADDED ENTRY--TOPICAL TERM | |
| Topical term or geographic name as entry element | Architecture -- India |
| 9 (RLIN) | 30212 |
| 700 ## - ADDED ENTRY--PERSONAL NAME | |
| Personal name | Cousens, Henry |
| 9 (RLIN) | 94646 |
| 942 ## - ADDED ENTRY ELEMENTS (KOHA) | |
| Source of classification or shelving scheme | Dewey Decimal Classification |
| Koha item type | English Books |
| Classification part | 720.95443 |
| Call number suffix | BUR |
| Withdrawn status | Lost status | Damaged status | Not for loan | Collection code | Home library | Current library | Date acquired | Source of acquisition | Cost, normal purchase price | Total Checkouts | Full call number | Barcode | Date last seen | Copy number | Cost, replacement price | Price effective from | Koha item type |
|---|---|---|---|---|---|---|---|---|---|---|---|---|---|---|---|---|---|
| Not For Loan | Reference | Central Library | Central Library | 01/10/2015 | Cen Lib/Ret | 0.00 | 720.95443 BUR | 746260 | 01/10/2015 | 1 | 0.00 | 01/10/2015 | English Books |
